| 000 | 01196nam a22003254i 4500 | ||
|---|---|---|---|
| 001 | 991052286429706706 | ||
| 003 | ES-BaIT | ||
| 005 | 20241104090555.0 | ||
| 008 | 190711s2019 sp |||||||||||0|| ||spa|c | ||
| 020 | _a9788490976937 | ||
| 035 | _a(ES-BaCBU).b73172261 | ||
| 035 | _a(OCoLC)1120518156 | ||
| 040 |
_aES-GiUDG _bcat _erda _cES-GiUDG |
||
| 080 | _a06:37 | ||
| 245 | 0 | 0 |
_aExponer o exponerse : _bla educación en museos como producción cultural crítica / _cBelén Sola Pizarro (ed.) |
| 264 | 1 |
_aMadrid : _bLos Libros de la Catarata, _c2019 |
|
| 300 |
_a183 pàgines, 16 pàgines de làmines no numerades (fotografies en blanc i negre) ; _c22 cm |
||
| 336 |
_atext _btxt _2rdacontent |
||
| 337 |
_asense mediació _bn _2rdamedia |
||
| 338 |
_avolum _bnc _2rdacarrier |
||
| 490 | 0 |
_aArte + Educación ; _v4 |
|
| 504 | _aInclou referències bibliogràfiques | ||
| 650 | 7 |
_aMuseus _xAspectes educatius _957332 |
|
| 700 | 1 |
_aSola Pizarro, Belén _eeditor literari _9164936 |
|
| 830 |
_aArte + Educación _v4 _9155143 |
||
| 907 |
_a.b73172261 _b27-05-21 _c11-07-19 _d11-07-19 _em _fa _g- _hspa _isp _j0 _k0 |
||
| 908 |
_aUdG _aMEB _aMNAC _aMACBA _aFMJC _aCDMAE |
||
| 940 | _aUdG | ||
| 942 |
_2udc _c1 |
||
| 999 |
_c135726 _d135726 |
||